Science Generator Puzzle #3 - Statistics

General Stats
  • This quiz has been taken 918 times
    916 since last reset
  • The average score is 11 of 21
Answer Stats
Clue Answer % Correct
Color before blue in spectrum Green
92%
Human aged 13-19 years Teen
91%
Color with longest wave length Red
90%
In need of sleep or rest Tired
82%
State of being male or female Gender
81%
One of the largest cats Tiger
77%
A woody-stemmed plant Vine
67%
3-Letter chemical element Tin
61%
The fibres that transmit impulses Nerve
56%
A wild mammal's hidden home Den
53%
High, Low, Neap, or Spring Tide
48%
Substance that soils (eg mud) Dirt
46%
An entrance (or exit) for air Vent
44%
Distinct nucleotide sequence Gene
35%
Another name for noble gas Inert
31%
To cause a ship to change course Divert
25%
DIVERGENT
24%
A long, narrow hilltop Ridge
22%
Requirement for life, synonym Need
20%
Scientific name: Cervidae Deer
15%
To behave in a particular way Tend
7%
No matching quizzes found
Score Distribution
Percent of People with Each Score
Percentile by Number Answered
Your Score History
You have not taken this quiz since the last reset